Csehov "A tokba bújt ember" című elbeszélésének újraértelmezései - Fjodor Szologub "Undok ördög", Vjacseszlav Pjecuh "A mi tokba bújt emberünk" [absztrakt] /

Elmentve itt :
Bibliográfiai részletek
Szerző: Gévai-Leimeter Ilona
Testületi szerző: Országos Tudományos Diákköri Konferencia (37.)
További közreműködők: Čehov Anton Pavlovič
Sologub Fëdor Kuz'mič
Pjecuh V. A.
Dokumentumtípus: Könyv része
Megjelent: Szegedi Tudományegyetem Bölcsészet- és Társadalomtudományi Kar Szeged 2025
Sorozat:Országos Tudományos Diákköri Konferencia : Humán Tudományi Szekció
Kulcsszavak:Orosz irodalom története - 19-20. sz. - előadáskivonat, Műelemzés - előadáskivonat
Tárgyszavak:
Online Access:http://acta.bibl.u-szeged.hu/87597
LEADER 01200naa a2200253 i 4500
001 acta87597
005 20250529113908.0
008 250529s2025 hu o 100 hun d
020 |a 978-963-688-043-9 
040 |a SZTE Egyetemi Kiadványok Repozitórium  |b hun 
041 |a hun 
100 2 |a Gévai-Leimeter Ilona 
245 1 0 |a Csehov "A tokba bújt ember" című elbeszélésének újraértelmezései - Fjodor Szologub "Undok ördög", Vjacseszlav Pjecuh "A mi tokba bújt emberünk"   |h [elektronikus dokumentum] :  |b [absztrakt] /  |c  Gévai-Leimeter Ilona 
260 |a Szegedi Tudományegyetem Bölcsészet- és Társadalomtudományi Kar  |b Szeged  |c 2025 
300 |a 236 
490 0 |a Országos Tudományos Diákköri Konferencia : Humán Tudományi Szekció 
650 4 |a Bölcsészettudományok 
650 4 |a Nyelvek és irodalom 
695 |a Orosz irodalom története - 19-20. sz. - előadáskivonat, Műelemzés - előadáskivonat 
700 0 1 |a Čehov Anton Pavlovič 
700 0 1 |a Sologub Fëdor Kuz'mič 
700 0 1 |a Pjecuh V. A. 
710 |a Országos Tudományos Diákköri Konferencia (37.)  |c Szeged 
856 4 0 |u http://acta.bibl.u-szeged.hu/87597/1/otdk_2025_human_236.pdf  |z Dokumentum-elérés